Statistics for Top 10 Most Populated U.S. Cities

Click here to take the quiz!

General Stats

  • This quiz has been taken 34 times
  • The average score is 8 of 10

Answer Stats

PopulationAnswer% Correct
4,085,014Los Angeles
100%
8,622,357New York City
100%
2,670,406Chicago
96%
1,400,337Dallas
86%
2,378,146Houston
86%
1,590,402Philadelphia
79%
1,743,469Phoenix
79%
1,469,490San Diego
75%
1,579,504San Antonio
61%
1,036,242San Jose
61%

Score Distribution

Percentile by Number Answered

Percent of People with Each Score

Your Score History

You have not taken this quiz